<?xml version="1.0" encoding="UTF-8"?>
<record
    xmlns:xsi="http://www.w3.org/2001/XMLSchema-instance"
    xsi:schemaLocation="http://www.loc.gov/MARC21/slim http://www.loc.gov/standards/marcxml/schema/MARC21slim.xsd"
    xmlns="http://www.loc.gov/MARC21/slim">

  <leader>01840cam a22002058i 4500</leader>
  <datafield tag="999" ind1=" " ind2=" ">
    <subfield code="c">37947</subfield>
    <subfield code="d">37947</subfield>
  </datafield>
  <datafield tag="020" ind1=" " ind2=" ">
    <subfield code="a">9781032090702</subfield>
  </datafield>
  <datafield tag="041" ind1=" " ind2=" ">
    <subfield code="a">eng-</subfield>
  </datafield>
  <datafield tag="082" ind1="0" ind2="0">
    <subfield code="a">372.5</subfield>
    <subfield code="b">SOT-E</subfield>
  </datafield>
  <datafield tag="100" ind1="1" ind2=" ">
    <subfield code="a">Sotiropoulou-Zormpala, Marina </subfield>
    <subfield code="e">author.</subfield>
  </datafield>
  <datafield tag="245" ind1="1" ind2="0">
    <subfield code="a">Enriching arts education through aesthetics :</subfield>
    <subfield code="b">experiential arts integration activities for pre-school and early primary education /</subfield>
    <subfield code="c">Marina Sotiropoulou- Zormpala, Alexandra Mouriki.</subfield>
  </datafield>
  <datafield tag="260" ind1=" " ind2=" ">
    <subfield code="a">New York :</subfield>
    <subfield code="b">Routledge,</subfield>
    <subfield code="c">2019.</subfield>
  </datafield>
  <datafield tag="300" ind1=" " ind2=" ">
    <subfield code="a">112p. </subfield>
  </datafield>
  <datafield tag="504" ind1=" " ind2=" ">
    <subfield code="a">Includes bibliographical references and index.</subfield>
  </datafield>
  <datafield tag="520" ind1=" " ind2=" ">
    <subfield code="a">"Enriching Arts Education through Aesthetics examines the use of aesthetic theory as the foundation to design and implement arts activities suitable for integration in school curricula in pre-school and primary school education. This book suggests teaching practices based on the connection between aesthetics and arts education and shows that this kind of integration promotes enriched learning experiences. The book explores how the core ideas of four main aesthetic approaches -the representationalist, the expressionist, the formalist, and the postmodernist- translate into respective ways of designing and implementing experiential aesthetics-based activities. Containing relevant examples of interventions used in classes, it analyses the ways in which the combination of different aesthetic approaches can support varied, multi-faceted, multimodal and balanced teaching situations in school. This innovative book will appeal to academics, researchers, professionals and students in the fields of arts education, early childhood and primary education and curriculum studies"--</subfield>
  </datafield>
  <datafield tag="546" ind1=" " ind2=" ">
    <subfield code="a">English.</subfield>
  </datafield>
  <datafield tag="650" ind1=" " ind2="0">
    <subfield code="a">Art</subfield>
    <subfield code="x">Study and teaching (Early childhood)</subfield>
    <subfield code="x">Activity programs.</subfield>
  </datafield>
  <datafield tag="650" ind1=" " ind2="0">
    <subfield code="a">Aesthetics</subfield>
    <subfield code="x">Study and teaching</subfield>
  </datafield>
  <datafield tag="700" ind1="1" ind2=" ">
    <subfield code="a">Mouriki, Alexandra</subfield>
    <subfield code="e">author.</subfield>
  </datafield>
  <datafield tag="942" ind1=" " ind2=" ">
    <subfield code="2">ddc</subfield>
    <subfield code="c">BK</subfield>
  </datafield>
  <datafield tag="952" ind1=" " ind2=" ">
    <subfield code="0">0</subfield>
    <subfield code="1">0</subfield>
    <subfield code="4">0</subfield>
    <subfield code="7">0</subfield>
    <subfield code="a">NASSDOC</subfield>
    <subfield code="b">NASSDOC</subfield>
    <subfield code="d">2023-03-16</subfield>
    <subfield code="e">Overseas</subfield>
    <subfield code="g">0.00</subfield>
    <subfield code="l">0</subfield>
    <subfield code="o">372.5 SOT-E</subfield>
    <subfield code="p">53379</subfield>
    <subfield code="r">2023-06-05 00:00:00</subfield>
    <subfield code="v">0.00</subfield>
    <subfield code="w">2023-06-05</subfield>
    <subfield code="y">BK</subfield>
  </datafield>
</record>
